[Event "Linares"]
[Site "Linares, Spain"]
[Date "2000.02.28"]
[Round "1"]
[White "Khalifman"]
[Black "Kramnik"]
[Result "0-1"]
[WhiteElo "2656"]
[BlackElo "2758"]
[Annotator "GM Einar Gausel/Mindzine"]

1. d4 Nf6 2. c4 e6 3. Nc3 Bb4 4. e3 O-O 5. Bd3 c5 6. Nf3 d5 7. O-O Nc6 8. a3
Bxc3 9. bxc3 Qc7 10. Bb2 dxc4 11. Bxc4 e5 12. Be2 Rd8 13. Qc2 Bg4 14. dxe5 {
The only way to get Bb2 into the game.} 14... Nxe5 15. c4 Nxf3+ 16. gxf3 Bh3
17. Rfd1 Qc6 {Black's structural advantage compensates for White's two bishops.
I must admit I was expecting a quick draw from this position.} 18. Qc3 Ne8 19.
Kh1 Be6 20. Rg1 $6 {Bringing the rooks to the open g-file looks extremely
natural, but White's attack never materialises.} 20... f6 21. Rg3 $2 {
Consequently pursuing the wrong plan. Opposing in the d-file was the only
sensible thing to do.} 21... Rd7 22. Rag1 Rad8 23. Bc1 {
Not a happy move, but Rd2 had to be prevented.} 23... Bf5 {Black wants to
exchange white-squared bishops with Bd3, thus enabling his rooks to penetrate.}
24. e4 Bg6 25. h4 Nc7 {Heading for the hole on d4.} 26. Bf1 Ne6 27. Rh3 Bh5 $1
28. Rhg3 (28. Qxf6 Rf8 29. Qc3 Nd4 {and f3 is fried.}) 28... Kh8 29. Qe3 Nd4 {
Black has achieved total domination. Khalifman's position quickly disintegrates
in time trouble.} 30. Bg2 Re8 31. Rh3 Qa4 32. Bf1 Qd1 33. Bg2 Qc2 34. f4 Ne2
35. Rf1 Rd1 {and White resigned, since Bc1 is toast.} 0-1

[Event "Linares"]
[Site "Linares, Spain"]
[Date "2000.02.28"]
[Round "1"]
[White "Kasparov"]
[Black "Shirov"]
[Result "1-0"]
[WhiteElo "2851"]
[BlackElo "2751"]
[Annotator "GM Einar Gausel/Mindzine"]

1. e4 e5 2. Nf3 Nf6 {The Petroff enjoys a very solid reputation, although
White usually gets a little something in the main lines.} 3. Nxe5 d6 4. Nf3
Nxe4 5. d4 d5 6. Bd3 Bd6 7. O-O O-O 8. c4 c6 9. cxd5 cxd5 10. Nc3 Nxc3 11. bxc3
Bg4 12. Rb1 Nd7 13. h3 Bh5 14. Rb5 Nb6 15. c4 $5 {
A very aggressive move, sacrificing a pawn for the two bishops.} 15... Bxf3 (
15... dxc4 16. Bxh7+ Kxh7 17. Rxh5+ Kg8 18. Nh4 {
and White's attack is looking pretty scary.}) 16. Qxf3 dxc4 17. Bc2 Qd7 18. a4
g6 19. Bd2 {Now White is simply threatening Rfb1 followed by a4-a5.} 19... c3
$1 {Black's best chance is to strike first by creating counterplay on the
queenside.} 20. Bxc3 Rac8 21. Be4 Rc4 22. Rbb1 Rxa4 23. Bxb7 Ra3 24. Rfc1 Qc7
25. Ra1 Rb8 26. Be4 Rb3 27. Bd2 {
At this stage most experts were predicting a draw.} 27... Bh2+ 28. Kh1 Rxf3 29.
Rxc7 Rxf2 30. Kxh2 Rxd2 31. Raxa7 Nc8 $4 {
Time trouble is no excuse for this incredible blunder.} (31... Rxd4 {
would have forced} 32. Rxf7 Rxe4 33. Rg7+ Kf8 34. Rxh7 Kg8 35. Rag7+ Kf8 {
, which leads to a draw after} 36. Rxg6 Nd5 37. Rh8+ Kf7) 32. Rab7 $1 Rxb7 (
32... Ra8 33. Rb4 Rda2 34. Bxa8 Rxa8 35. Rd7 {followed by Rbb7, and White wins.
}) 33. Rxc8+ Kg7 34. Bxb7 Rxd4 {If Black could force the rooks off and
exchange his remaining pawns for White's g-pawn, he would draw, since White's
bishop is on the "wrong" colour with regards to promoting the h-pawn. White,
however, has no intention of co-operating!} 35. g4 h5 36. g5 h4 37. Rc7 Rf4 38.
Bc8 Rf2+ 39. Kg1 Rf4 40. Kg2 Kf8 41. Bg4 Kg7 42. Rc5 Kf8 43. Bf3 Kg7 44. Kf2
Ra4 45. Ke3 {White's king finally joins the battle.} 45... Ra3+ 46. Kf4 Ra4+
47. Ke5 Ra3 48. Bd5 Re3+ (48... Rxh3 49. Rc7 Re3+ 50. Kf4 Re1 51. Rxf7+ Kh8 52.
Kg4 h3 53. Rf3 {and White wins the h-pawn and the game.}) 49. Kf4 Rd3 50. Bc4
Rd7 51. Rc6 Re7 52. Rf6 {
and Shirov resigned, since Kasparov can easily force a winning pawn ending:} (
52. Rf6 Rc7 (52... Kf8 53. Bxf7 Rxf7 54. Ke5 $1) 53. Bd5 Rd7 (53... Re7 54. Kg4
Rd7 55. Rxf7+ Rxf7 56. Bxf7 Kxf7 57. Kxh4 Ke6 58. Kg4 Ke7 59. Kf4 Kf7 60. Ke5
Ke7 61. h4) 54. Ke5 Re7+ 55. Kd6 Ra7 56. Rxf7+ Rxf7 57. Bxf7 Kxf7 58. Kd7 Kf8
59. Ke6 Kg7 60. Ke7 Kg8 61. Kf6 Kh7 62. Kf7 {and White wins.}) 1-0

[Event "Linares"]
[Site "Linares, Spain"]
[Date "2000.02.28"]
[Round "1"]
[White "Leko"]
[Black "Anand"]
[Result "1/2-1/2"]
[WhiteElo "2725"]
[BlackElo "2769"]
[Annotator "GM Einar Gausel/Mindzine"]

1. e4 c6 2. d4 d5 3. Nc3 dxe4 4. Nxe4 Nd7 5. Ng5 Ngf6 6. Bd3 e6 7. N1f3 Bd6 (
7... h6 $2 {is premature because of} 8. Nxe6 $1 {For an instructive
demonstration of White's resources in this line, look up Deep Blue-Kasparov,
New York 1997!}) 8. Qe2 h6 9. Ne4 Nxe4 10. Qxe4 Qc7 11. Qg4 Kf8 {Anand has also
dabbled with Rg8. The text may look a bit strange, but so does White's queen!}
12. O-O c5 13. c3 b6 14. Qh4 Bb7 15. Be4 {Exchanging Black's strongest minor
piece and simultaneously bringing the queen back to safety.} 15... Bxe4 16.
Qxe4 Ke7 {Black has now achieved total co-ordination. White's only trump is
the fact that his king is safer.} 17. dxc5 bxc5 {
The best way of restraining White's queenside majority.} 18. Re1 Nf6 19. Qe2
Rhd8 20. h3 Kf8 21. Nd2 Bh2+ 22. Kh1 Bf4 23. Nc4 {A nice square for the knight,
but then again, it isn't really causing Black any real problems, is it?} 23...
Bxc1 24. Raxc1 Rd5 25. Ne3 Rd7 26. Rcd1 Rad8 27. Rxd7 Rxd7 28. Kg1 {Leko is sti
ll playing for a win, but he never manages to mount an attack against Black's
isolated c-pawn.} 28... Nd5 29. Nc4 Nb6 30. Ne5 Rd6 31. Qe4 Kg8 32. g3 c4 33.
Qf4 Rd5 34. Re4 Rb5 35. Nxc4 {Leading to massive exchanges and a draw.} 35...
Qxf4 36. Rxf4 Nxc4 37. Rxc4 Rxb2 38. Ra4 Rc2 39. Rxa7 {draw agreed. Black will
simply place his rook behind the a-pawn (after taking on c3) and keep an eye
on White's kingside to prevent him from running with his king.} 1/2-1/2

[Event "Linares"]
[Site "Linares, Spain"]
[Date "2000.02.29"]
[Round "2"]
[White "Khalifman"]
[Black "Kasparov"]
[Result "1/2-1/2"]
[WhiteElo "2656"]
[BlackElo "2851"]
[Annotator "GM Einar Gausel/Mindzine"]

1. d4 Nf6 2. c4 g6 3. Nc3 d5 4. Nf3 Bg7 5. Qb3 {This variation seems to be all
the rage these days. The basic idea is to take control of the centre without
being saddled with a potentially weak pawn on c3, which is symptomatic of the
lines beginning with} (5. cxd5 Nxd5 6. e4 Nxc3 7. bxc3) 5... dxc4 6. Qxc4 O-O
7. e4 Na6 8. Be2 c5 9. d5 e6 10. O-O exd5 11. exd5 {This centralised passed
pawn is definitely an asset. Black's compensation is based on pure piece
activity.} 11... Bf5 12. Be3 Qb6 13. b3 Rfe8 14. Rad1 Rad8 15. h3 Qa5 16. Rfe1
Nd7 17. Na4 Nb4 18. Bg5 (18. Nxc5 {results in a total mess after} 18... b5 19.
Nb7 (19. Qxb5 Qxb5 20. Bxb5 Rxe3 21. Rxe3 Nxc5 {is also unclear.}) 19... bxc4
20. Nxa5 cxb3 21. axb3 Nc2) 18... Nc2 $5 ({
There was probably nothing wrong with the more sedate} 18... Rc8 {
, but Kasparov obviously wants to muddy the waters.}) 19. Bxd8 Qxd8 20. Rf1 Nd4
{Threatening both Nxe2+ and b7-b5.} 21. Nxd4 Bxd4 {This menacing bishop may
not constitute outright compensation for the sacrificed exchange, but the
highly unpleasant threat of a7-a6, followed by b7-b5, certainly does!} 22. Rxd4
$1 {Without a doubt the most practical decision.} 22... cxd4 23. Bg4 $1 Bxg4
24. hxg4 Re4 25. f3 {Khalifman correctly decides to force a draw.} 25... Ne5
26. Qb4 Nd3 27. Qc4 Ne5 28. Qb4 Nd3 29. Qc4 {draw agreed.} 1/2-1/2

[Event "Linares"]
[Site "Linares, Spain"]
[Date "2000.02.29"]
[Round "2"]
[White "Shirov"]
[Black "Leko"]
[Result "1/2-1/2"]
[WhiteElo "2751"]
[BlackElo "2725"]
[Annotator "GM Einar Gausel/Mindzine"]

1. e4 e5 2. Nf3 Nf6 {Ugh! Another Petroff! I was hoping Leko would go for
something more sexy, like his patented Bc5-Spanish.} 3. Nxe5 d6 4. Nf3 Nxe4 5.
d4 d5 6. Bd3 Bd6 7. O-O O-O 8. c4 c6 9. Qc2 Na6 10. a3 Bg4 $5 {
Now things actually get exciting.} 11. Ne5 (11. Bxe4 dxe4 12. Qxe4 Bxf3 13.
Qxf3 Qh4 14. g3 Qxd4 {and Black has regained his pawn.}) 11... Bxe5 12. dxe5
Nac5 13. f3 Nxd3 14. Qxd3 Nc5 15. Qd4 $5 (15. Qe3 $2 d4) 15... Nb3 16. Qxg4
Nxa1 17. Bh6 g6 18. Nc3 $5 {
Shirov decides to remain the exchange down and play for the attack.} 18... Qb6+
19. Rf2 Rfe8 20. Qf4 {Threatening to mate with Qf6.} 20... f5 21. cxd5 (21.
exf6 $4 Re1#) 21... Nb3 (21... cxd5 $2 22. Nxd5 {
and White wins back the exchange with a clear plus.}) 22. e6 cxd5 $5 {
Certainly not the only move, but the simplest way to neutralise White's
initiative.} 23. Nxd5 Qxe6 24. Nc7 Qc6 25. Nxe8 ({Note that} 25. Nxa8 $4 {
loses the queen after} 25... Re1+ 26. Rf1 Qc5+) 25... Rxe8 26. g4 Qc5 27. Kg2
Nd4 28. b4 Qe5 29. Rd2 Qxf4 30. Bxf4 Ne6 31. Be3 a6 32. gxf5 Ng7 33. Bc5 Nxf5 {
White's B vs N gives him a comfortable advantage, despite his inferior
kingside structure.} 34. a4 Ne3+ 35. Kf2 Nc4 36. Rd7 Ne5 $5 {
Leko chooses to sac a pawn to force a rook ending.} ({After} 36... b5 37. axb5
axb5 38. Rb7 (38. Bd4 Ne5) 38... Na3 {
, White will try to march his king to h6, starting with} 39. Kg3) 37. Rxb7 Nd3+
38. Kg3 Nxc5 39. bxc5 Rc8 40. Rb6 Rxc5 41. Rxa6 Kg7 42. Ra7+ Kh6 {This ending
should be a theoretical draw, but Black will of course have to suffer.} 43. Rb7
Rg5+ 44. Kh3 Rh5+ 45. Kg2 Rh4 46. a5 Ra4 47. Rb5 g5 48. Rb6+ Kh5 49. a6 g4 50.
f4 {White needs to avoid further exchanges to keep his winning chances alive.}
50... Ra2+ (50... Rxf4 $2 {was clearly bad:} 51. Rb5+ Kh4 52. Ra5 Rf8 53. a7
Ra8 54. Kg1 {and Black quickly runs out of moves. For example} 54... h6 55. Kh1
h5 (55... g3 56. Ra4+ Kh3 57. Ra3) 56. Kg2 {. Now} 56... g3 57. hxg3+ Kg4 58.
Ra4+ Kg5 59. Kh3 {is an easy win for White, since Black's h-pawn is doomed.})
51. Kg1 g3 $5 {Active defence!} 52. h3 ({Black has no problems after} 52. hxg3
Kg4) 52... Rc2 53. Rb7 Ra2 54. Rg7 (54. Rxh7+ Kg6 55. Rh4 (55. Ra7 Kf5 56. Ra8
Kxf4 57. a7 Ra1+ 58. Kg2 Ra2+) 55... Kf5 {is an easy draw. For example} 56. Rg4
Rxa6 57. Kg2 Ra3 58. Rxg3 Ra2+ 59. Kg1 Kxf4) 54... Rxa6 55. Kg2 (55. Rxh7+ Kg6
56. Rh4 Kf5 57. Kg2 Ra3 58. Rg4 Rb3) 55... h6 56. Kxg3 {Black can usually hold
this ending even without his h-pawn. White's main trump is the fact that
Black's king is confined to the h-file.} 56... Ra3+ 57. Kg2 Ra2+ 58. Kf3 Kh4
59. f5 Kxh3 60. f6 Ra1 61. Kf4 Rf1+ 62. Ke5 h5 63. Rg5 h4 64. Rf5 Re1+ 65. Kf4
Rf1+ 66. Kg5 Rg1+ 67. Kh6 Rg8 68. Rg5 Rf8 69. Kg7 Ra8 70. f7 Kh2 71. Kf6 Rf8 {
draw agreed.} (71... Rf8 72. Rg8 Rxf7+ 73. Kxf7 h3 74. Kf6 Kh1 75. Kf5 h2 76.
Ra8 Kg2 {and White misses the win by one tempo. He can of course try} 77. Ra2+
Kg1 78. Kg4 {, but after} 78... h1=Q {he'll have to check on a1, since} 79. Kg3
$2 {loses to} 79... Qh8 $1) 1/2-1/2

[Event "Linares"]
[Site "Linares, Spain"]
[Date "2000.02.29"]
[Round "2"]
[White "Kramnik"]
[Black "Anand"]
[Result "1/2-1/2"]
[WhiteElo "2758"]
[BlackElo "2769"]
[Annotator "GM Einar Gausel/Mindzine"]

1. d4 d5 2. c4 c6 {Yesterday the Caro Kann, today the Slav! Anand will
apparently be restricting himself to a grim diet of solid openings with black
in this tournament.} 3. Nf3 Nf6 4. Nc3 dxc4 5. a4 Bf5 6. e3 e6 7. Bxc4 Bb4 8.
O-O O-O 9. Nh4 Nbd7 $5 10. Nxf5 exf5 {Black has had to part with his light
squared bishop, but he still has a firm grip on e4. This square is the main
point of dispute in the Slav.} 11. Qc2 Nb6 12. Bb3 Qd7 13. a5 Nbd5 14. f3 {
White needs to get in e3-e4 to activate his black-squared bishop. The obvious
downside of this plan is that d4 may well become a target.} 14... Rfe8 15. Nxd5
Nxd5 (15... cxd5 $2 16. Ba4 Rec8 17. Bxd7 Rxc2 18. Bxf5 {
and Black has no compensation for the pawn.}) 16. e4 Nf6 $5 17. Qc4 Bf8 18.
exf5 $5 (18. Bg5 {, threatening to destroy Black's kingside with Bxf6, seemed
more in keeping with the spirit of White's position.}) 18... Rad8 19. Kh1 Re7
20. Qc2 {draw agreed.} ({
A crying shame, since there's still a lot of play after} 20. Qc2 Qxd4 21. Bg5 {
. Black has the superior pawn structure, but White has the two bishops in an
open position. In other words: Both players had grounds tocontinue!}) 1/2-1/2

[Event "Linares"]
[Site "Linares, Spain"]
[Date "2000.03.01"]
[Round "3"]
[White "Kasparov"]
[Black "Kramnik"]
[Result "1/2-1/2"]
[WhiteElo "2851"]
[BlackElo "2758"]
[Annotator "GM Einar Gausel/Mindzine"]

1. e4 e5 2. Nf3 Nf6 3. Nxe5 d6 4. Nf3 Nxe4 5. d4 d5 6. Bd3 Nc6 7. O-O Be7 8. c4
Nb4 9. Be2 O-O 10. Nc3 b6 {This new move, intending Bb7 or maybe even Ba6,
seems risky, but Kramnik has obviously prepared it well at home.} 11. a3 Nxc3
12. bxc3 Nc6 13. cxd5 Qxd5 14. Re1 Bb7 15. Bd3 Rae8 16. Qc2 ({
After the game, Kasparov said he'd rejected} 16. c4 Qh5 17. d5 {because of}
17... Bd6 {. Question: Does Black really have enough for the piece after} 18.
dxc6 Rxe1+ 19. Qxe1 Bxc6 20. Be2 Bxf3 21. Bxf3 Qxh2+ 22. Kf1 $2) 16... h6 17.
Bh7+ Kh8 18. Be4 Qd8 19. Bb2 (19. Qa4 {
was certainly more testing, but things are far from clear after} 19... Qa8 {
. Kasparov claimed he would be winning after} 20. d5 Na5 21. Bxh6 $5 gxh6 22.
Qd4+ Kg8 23. Bc2 {
, threatening Qg4+ followed by Qf5, but Black is still kicking after} 23... Bc8
{. Heavy analysis might prove White has some way to win here, but in a
practical game I don't think this piece sacrifice would find too many takers.})
19... Bf6 20. c4 Na5 21. Bxb7 Nxb7 {and here Kasparov offered a draw, which
Kramnik accepted. In my opinion, White risks nothing by playing on.} 1/2-1/2

[Event "Linares"]
[Site "Linares, Spain"]
[Date "2000.03.01"]
[Round "3"]
[White "Leko"]
[Black "Khalifman"]
[Result "1/2-1/2"]
[WhiteElo "2725"]
[BlackElo "2656"]
[Annotator "GM Einar Gausel/Mindzine"]

1. e4 e6 2. d4 d5 3. Nc3 Bb4 4. e5 c5 5. a3 Ba5 {I don't trust this line, but
hey, that's just my opinion (which the present game does nothing to change!).}
6. Qg4 Ne7 7. dxc5 Bxc3+ 8. bxc3 {
Yes, White's pawn structure is ugly as sin, but he does have the two bishops.}
8... Ng6 9. Bd3 Nd7 10. Nf3 Qc7 11. O-O Ndxe5 {Was this the right pawn to take?
} 12. Nxe5 Qxe5 13. Bb5+ Bd7 14. Bxd7+ Kxd7 15. Qa4+ Ke7 16. Qb4 Rab8 17. f4 $6
({The simple way to gain a clear advantage was} 17. c6+ Qd6 18. cxb7 Qxb4 19.
axb4 Rxb7 20. Be3 Ra8 21. Ra6 {, intending Rfa1.}) 17... Qe4 18. f5 {
Practically forcing Black to swap queens.} 18... Qxb4 (18... exf5 19. Bg5+ Kf8
(19... Kd7 20. Qb5+ Kc8 21. Rae1 Qxc2 22. Re8+ Rxe8 23. Qxe8+ Kc7 24. Qxf7+ Kc6
25. Qe6+ Kxc5 26. Qd7 {and White must be winning.}) 20. c6+ Qxb4 21. axb4 bxc6
22. Rxa7 {leads to an extremely unpleasant ending for Black, since he'll have
a hard time bringing Rh8 into the game.}) 19. axb4 exf5 20. Rxf5 {Black's weak
pawn on d5 makes this ending clearly favourable for White, but Khalifman
defends well.} 20... Ke6 21. Rf2 a6 22. Bf4 Nxf4 {
Or else the bishop will turn into a monster on d6.} 23. Rxf4 f5 24. Rd4 Rbd8
25. Re1+ Kf6 26. Red1 {Now d5 is a goner.} 26... Rhe8 $1 ({
The only way to make counterplay.} 26... Ke6 {is simply answered by} 27. c4)
27. c4 (27. Rxd5 Rxd5 28. Rxd5 Re2 29. Rd7 Rxc2 30. Rxb7 Rxc3 31. Rb6+ Ke5 32.
Rxa6 Rc1+ 33. Kf2 Rc2+ 34. Kf3 Rc3+ 35. Ke2 Rc2+ 36. Kd3 Rxg2 {is just a mess.}
) 27... Re2 $1 28. Rxd5 Rde8 29. R1d2 Rxd2 30. Rxd2 Re1+ 31. Kf2 Re4 32. Rd7 $2
(32. Rd6+ {would have kept White's winning chances alive.}) 32... Rxc4 33. Rxb7
a5 $1 {Now it's clear that Black is holding.} 34. bxa5 Rxc5 35. a6 Rxc2+ 36.
Kf3 Rc3+ 37. Ke2 Rc2+ {draw agreed. The official site, TWIC and ICC all have
the extra moves 38.Ke3 Ke5 in their gamefiles, but this seems absolutely
ludicrous, as Ke3 allows Rxg2 and Ke5 allows Rxg7!} 1/2-1/2

[Event "Linares"]
[Site "Linares, Spain"]
[Date "2000.03.01"]
[Round "3"]
[White "Anand"]
[Black "Shirov"]
[Result "0-1"]
[WhiteElo "2769"]
[BlackElo "2751"]
[Annotator "GM Einar Gausel/Mindzine"]

1. e4 e5 2. Nf3 Nf6 3. Nxe5 d6 4. Nf3 Nxe4 5. d4 d5 6. Bd3 Bd6 7. O-O O-O 8. c4
c6 9. cxd5 cxd5 10. Nc3 Nxc3 11. bxc3 Bg4 12. Rb1 Nd7 13. h3 Bh5 14. Rb5 Nb6
15. c4 Bxf3 16. Qxf3 dxc4 17. Bc2 Qd7 18. a4 g6 19. Be3 ({
In Kasparov-Shirov in round 1, Black was OK after} 19. Bd2 c3) 19... Rac8 20.
Rfb1 c3 21. a5 Nc4 22. Rxb7 Qe6 {Black is hoping his advanced c-pawn will
provide him with enough compensation for the pawn.} 23. Ra1 ({
Black wins the exchange after} 23. Rxa7 $2 Nd2 {, since} 24. Bxd2 cxd2 25. Qd1
{loses to} 25... Rxc2 $1 {with the tactical point} 26. Qxc2 Qe1+ 27. Rxe1
dxe1=Q#) 23... Bb8 24. Bb3 Qd6 25. g3 Nxe3 26. Bxf7+ ({Very tempting, but} 26.
Qxe3 {might actually have been stronger. The text provides Black with some
serious counterplay in the open f-file.}) 26... Kh8 27. Qxe3 Qf6 28. Be6 Rce8
29. d5 Be5 30. Ra2 $2 ({This might actually be a decisive error!} 30. Ra4 {
, threatening Rh4, was clearly better. Black can try} 30... c2 31. Rc4 Bd4 {
, but White's endgame advantage is obvious after} 32. Qf4 Qxf4 33. gxf4 Rxf4
34. Rxc2 {. For example} 34... Ref8 35. Rcc7 $1 Bxf2+ 36. Kg2 Rh4 37. d6 {
and the d-pawn seems destined for glory.}) 30... Bd4 31. Qe1 (31. Qe2 Qxf2+ $1
32. Qxf2 Rxf2 33. Rxf2 Rf8 34. Bf7 c2 35. Rc7 Bxf2+ 36. Kxf2 Rxf7+ $1 37. Rxf7
c1=Q {and Black wins.}) 31... Qf3 32. Kh2 Qxd5 $1 {Liquidating White's passer
and simultaneously hitting both rooks and the bishop! White has no choice but
to enter a clearly inferior ending.} 33. Bxd5 Rxe1 34. Kg2 Bxf2 $1 {
Misery certainly loves company, eh?} 35. Rf7 (35. Rxf2 Rxf2+ 36. Kxf2 c2) 35...
Rxf7 36. Bxf7 Bc5 {The opposite coloured bishops offer White little hope of
salvation, since Black's c-pawn is too far advanced.} 37. Bb3 Kg7 38. Rc2 Bd4
39. a6 Kf6 40. Ra2 Ke5 41. h4 Ke4 {and White decided he'd had enough.} (41...
Ke4 42. Bc2+ Ke3 43. Bb3 (43. Kh3 Re2 44. Kg4 Rxc2 $1 45. Rxc2 Kd3 46. Ra2 c2
47. Rxc2 Kxc2) 43... Re2+ 44. Rxe2+ Kxe2 {followed by Kd2 and c3-c2.}) 0-1

[Event "Linares"]
[Site "Linares, Spain"]
[Date "2000.03.03"]
[Round "4"]
[White "Anand"]
[Black "Kasparov"]
[Result "0-1"]
[WhiteElo "2769"]
[BlackElo "2851"]
[Annotator "GM Einar Gausel/Mindzine"]

1.e4 c5 2.Nf3 d6 3.d4 cxd4 4.Nxd4 Nf6 5.Nc3 a6 6.Be2 e5 7.Nb3 Be7 8.0-0 Be6 
9.f4 Qc7 10.Nd5 {A rare move in this position, but the idea is well known: 
To shift the pawn from e4 to d5, thereby creating a queenside majority.} 
10...Bxd5 11.exd5 Nbd7 12.c4 0-0 13.Kh1 Rfe8 14.Be3 exf4 {In this type of 
position, Black will usually use his kingside majority to create attacking 
chances. The first step is to establish a central outpost on e5.} 15.Bxf4 Bf8 
16.Rc1 Qb6 17.Rc2 g6 18.Bf3 {According to Kasparov, 18.Qd4 would have resulted 
in a roughly equal ending.} 18...Rac8 19.Nc1 Ne5 20.b3 h5 21.h3 Bg7 22.Ne2 Nxf3 
23.gxf3?! {A truly disgusting move which leaves White's kingside in shambles. 
Clearly better was 23.Rxf3 , since 23...Ne4 is easily neutralised with 24.Ng3} 
23...Qc5 24.Rc1 b5 25.Qd2 {A better try may have been 25.Nd4 , heading for c6.} 
25...bxc4 26.bxc4 h4! {This pawn sacrifice guarantees Black a lasting 
initiative.} 27.Bg5 Nh5 28.Bxh4 Rb8 29.Ng1? {29.Rc2 was the only try, although 
Black is having all the fun after 29...Qc8 30.Ng1 Qf5 , intending Nf4. I expect 
White's position will eventually crumble as Black concentrates his forces on 
the kingside.} 29...Rb2 30.Rc2 Qxc4! {Attacking both rooks and the bishop!} 
31.Rxc4 Rxd2 32.f4 Rxd5 {and Anand decided to stop the clock. A bit early, in 
my opinion, but he obviously has a lot of respect for Kasparov's endgame 
technique.} 0-1